| 000 | 01051cam a2200301 a 4500 | ||
|---|---|---|---|
| 001 | 21159 | ||
| 003 | BD-RjUL | ||
| 005 | 20211209000644.0 | ||
| 008 | 140303t19521948enkmr2p 0u0ua0eng d | ||
| 032 |
_a689190 _bUSPS |
||
| 035 | _a(BD-RjUL)21223 | ||
| 040 |
_aUIU _cUIU _dIUL _dNST _dIXA _dNSD _dBOS _dBD-RjUL _beng |
||
| 041 | _aeng | ||
| 082 | 0 | 4 |
_a823.91 _bSAS 1952 |
| 090 |
_aAP4 _b.S65 |
||
| 100 | 1 | 0 |
_aSansom, William. _965391 |
| 245 | 0 | 0 |
_aSouth : _bAspects and images From corsica, Italy, and Southern France / |
| 260 |
_aHarmondsworth : _bPenguin books, _c1952 |
||
| 265 |
_aSouth Publications Ltd., Suite 319, 230 Park Ave., New York, N.Y. 10169 _aSouth Publications Ltd., 13th Floor, New Zealand House, 80 Haymarket, London SW1Y 4TS. |
||
| 300 |
_a199 p. ; _c28 cm. |
||
| 350 | _a$28.00. | ||
| 650 | 0 |
_aWorld politics _y1945-1989 _xPeriodicals. _965392 |
|
| 650 | 0 |
_aWorld politics _y1989- _xPeriodicals. _965393 |
|
| 651 | 0 |
_aDeveloping countries _xPeriodicals. _965394 |
|
| 942 |
_2ddc _cBK |
||
| 999 |
_c21159 _d21159 |
||